000 00323 a2200145 4500
001 148927
040 _cEscola São Tomás de Aquino
100 _aALVIN, Bebete
240 1 0 _aVovô e o Gênio
_lpor
245 1 0 _aVovô e o Gênio
362 0 _a2002
440 1 _aScipione
697 _a*LITERATURA INFANTO
942 _cBK
999 _c148927
_d148927